太鼓の達人 歴代超人課題曲 - Statistics

General Stats
  • This quiz has been taken 98 times
    96 since last reset
  • The average score is 10 of 22
Answer Stats
収録バージョン Answer % Correct
ニジイロ2021 魑魅魍魎
81%
ムラサキ、ホワイト スーハー2000
76%
ムラサキ、ホワイト、イエロー 万戈イムー一ノ十
71%
ムラサキ、ホワイト 〆ドレー2000
69%
ブルー Coquette
57%
グリーン 星屑ストラック(裏)
55%
レッド、ニジイロ2021 美しく忙しきドナウ(裏)
50%
グリーン プチポチ
50%
レッド 冷凍庫CJ ~嗚呼面太鼓ブラザーズ~
48%
ニジイロ2020 儚姫は原初に舞う(裏)
45%
ニジイロ2021 UFO Swingin'
45%
ニジイロ2020 カラフル
43%
ニジイロ2022 狂瀾怒濤(裏)
43%
ブルー DEBSTEP!
43%
ブルー 束ね糸
40%
グリーン 青天の黎明
40%
ニジイロ2022 赤と白薔薇の魔女
40%
ニジイロ2022 ひよこ鑑定士さん
33%
ニジイロ2020 彼は誰時の誘惑(裏)
31%
イエロー χ談
26%
イエロー UNDEAD HEART(怒りのWarriors)
26%
レッド BLAZING VORTEX(裏)
24%
No matching quizzes found
Score Distribution
Percent of People with Each Score
Percentile by Number Answered
Your Score History
You have not taken this quiz since the last reset